000 00511nam a2200181Ia 4500
005 20250508162634.0
008 008 250505s9999 xx 000 0 eng d
037 _aTextual
040 _aFEDL
_beng
_cFEDL
041 _aeng
_2eng
084 _a372.4, ROB
_qFEDL
100 _aRobinson Richard
245 0 _aBecoming an effective reading teacher
260 _aNew York, USA
_bHarper and Row Publisher
_c1987
300 _axix,361p.
942 _cTEXL
_h372.4, ROB
999 _c1377781
_d1377781